01725nam a22001937a 4500003001000000005001700010008004100027040001400068041000700082100002900089245012900118260003500247300001800282500011800300520097400418650002501392654001301417700010101430IT-MiCISF20230323104714.0230322b |||||||| |||| 00| 0 eng d cIT-MiCISF ait aMaino Franca (a cura di) aIl ritorno dello Stato sociale? Mercato, terzo settore e comunità oltre la pandemia. bQuinto Rapporto sul secondo welfare aTorino, bGiappichelli, c2021 app. XXII, 357 awelfare, società, terzo-settore, stratificazione-sociale, demografia, cambiamento, lavoro, progetto, esperienze aIl Quinto Rapporto sul secondo welfare offre dati, approfondimenti e riflessioni sugli impatti che il Covid-19 ha generato sul sistema sociale italiano. Particolare attenzione è rivolta al ruolo che attori privati, organizzazioni del Terzo Settore, corpi intermedi e gruppi informali di cittadini hanno assunto per affrontare la crisi pandemica. Il volume si basa su focus group e survey che hanno coinvolto i maggiori esperti di welfare del nostro Paese e che hanno consentito di identificare i principali mutamenti che riguardano tre sfere del secondo welfare: welfare aziendale territoriale, welfare filantropico e welfare di prossimità. L'analisi prende in considerazione i cambiamenti presenti e futuri in tali ambiti lungo due direttrici, nazionale-locale e pubblico-privato, approfondendo il posizionamento della leadership di alcune organizzazioni-chiave. Il Rapporto è arricchito da alcuni casi studio riguardanti le tre aree di welfare oggetto di analis aservizi-alla-persona arapporto aSantoni V., De Tommaso C:V., Lodi Rizzini C., De Gregorio O., Cibinel E., Agostini C., Moroni P.